[Event "ICS Rated blitz match"]
[Site "207.99.5.190"]
[Date "1999.03.11"]
[Round "?"]
[White "Secret"]
[Black "Hossa"]
[Result "1-0"]
[WhiteElo "2733"]
[BlackElo "2410"]
[Annotator "Crafty v16.5"]
[PlyCount "91"]

{annotating for player Hossa using a scoring margin of +0.10 pawns. search
time limit is 10.00} 1. e4 1... e5 2. Nf3 Nc6 3. Bb5 a6 4. Ba4 b5 5. Bb3 Be7 6.
O-O Nf6 7. Re1 O-O 8. c3 Bb7 9. d4 exd4 10. cxd4 Na5 11. Bc2 Re8 ({7:-0.17} 
11... Re8 12. e5 Nd5 13. Qd3 g6 14. Nc3 14... Bf8 $10) ({7:-0.05} 11... Rc8 12.
Qd3 Nc6 13. Bd2 Nb4 14. Bxb4 Bxb4 15. Nc3 $10) 12. e5 Nd5 13. Nc3 Nxc3 14. bxc3
Nc4 15. Qd3 g6 16. d5 d6 17. e6 fxe6 18. dxe6 Rf8 19. Nd2 Ne5 20. Qh3 Bh4 21.
Rf1 Rf4 ({7:-1.63} 21... Rf4 22. g3 Qg5 23. e7 Re8 24. Ne4 Qg4 25. Qxh4 Rxe4
26. Bxe4 Qxh4 27. gxh4 27... Bxe4 $18) ({8:-0.39} 21... Qe7 22. f4 Nc6 23. Qe3
b4 24. Rb1 Rae8 25. f5 gxf5 26. Bxf5 $14) 22. g3 Qg5 23. Bd1 Re8 24. Nb3 Qf5 ({
9:-3.10} 24... Qf5 25. Qxf5 Rxf5 26. gxh4 Rxe6 27. Nd4 Bd5 28. a4 bxa4 29. Nxf5
gxf5 30. Bxa4 $18) ({9:-1.97} 24... Nd3 25. Bxf4 Nxf4 26. Qg4 Qxg4 27. Bxg4 h5
28. gxf4 hxg4 29. Rae1 $18) 25. Qxf5 Rxf5 26. gxh4 Nf3+ 27. Bxf3 Rxf3 28. Re1
Rxc3 29. Bg5 Rc4 30. f4 Rc2 31. Rac1 Rxa2 32. Rxc7 Bd5 33. Nd4 Rg2+ 34. Kf1
Rxh2 35. Re3 Rf8 36. Ke1 Bc4 37. Rc6 a5 38. Rxd6 b4 39. Nc6 Ra2 40. h5 gxh5 41.
Bh6 Re8 42. Rg3+ Kh8 43. Bg7+ Kg8 44. Ne7+ Rxe7 45. Rd8+ Re8 46. Rxe8# 1-0

[Event "ICS Rated blitz match"]
[Site "207.99.5.190"]
[Date "1999.03.11"]
[Round "?"]
[White "Hossa"]
[Black "rajah"]
[Result "1/2-1/2"]
[WhiteElo "2406"]
[BlackElo "2477"]
[PlyCount "207"]

1. e4 Nc6 2. Nf3 e5 3. Bb5 a6 4. Bxc6 dxc6 5. d3 Bg4 6. Nbd2 Nf6 7. Nc4 Bb4+ 8.
Bd2 Bxf3 9. Qxf3 Bxd2+ 10. Nxd2 O-O 11. O-O Qe7 12. Qf5 Rfe8 13. Nc4 Qe6 14.
Qxe6 Rxe6 15. f3 Nh5 16. Kf2 Rd8 17. Rae1 Rd4 18. a3 Nf4 19. g3 Nh5 20. Ke3 c5
21. b4 b5 22. c3 Rd7 23. Nb2 Rc6 24. Rc1 Nf6 25. h4 cxb4 26. axb4 Nh5 27. g4
Nf4 28. Rc2 f6 29. Ra1 Kh8 30. Ra5 Rd8 31. h5 Rd7 32. Ra3 Ne6 33. Nd1 Rcd6 34.
Rd2 c5 35. bxc5 Nxc5 36. Nf2 Ne6 37. Rd1 Ra7 38. Rb1 Rc7 39. Rba1 Rcc6 40. Rh1
Nf4 41. Kd2 Kg8 42. h6 g6 43. Ra5 Kh8 44. Rb1 Ne6 45. Rg1 Kg8 46. Rf1 g5 47.
Rg1 Rd7 48. Rb1 Nf4 49. Rd1 Rdc7 50. Rc1 b4 51. c4 Rb7 52. Rca1 b3 53. Rb1 Ne6
54. Kc3 Nd4 55. Nd1 Rd6 56. Ne3 Ne2+ 57. Kd2 Nf4 58. Nd5 Kh8 59. Nxf4 gxf4 60.
Ra3 b2 61. Kc3 Rdb6 62. Ra2 Kg8 63. Raxb2 Rxb2 64. Rxb2 Ra7 65. d4 exd4+ 66.
Kxd4 Rd7+ 67. Kc5 Rd3 68. Rb7 Rxf3 69. Rg7+ Kf8 70. Rxh7 Rh3 71. Kd6 f3 72. e5
fxe5 73. g5 Kg8 74. Rb7 f2 75. Rb1 e4 76. Rb8+ Kh7 77. Rb7+ Kg6 78. Rg7+ Kf5
79. Rf7+ Kxg5 80. Rxf2 e3 81. Rg2+ Kf4 82. c5 Kf3 83. Ra2 Rxh6+ 84. Kc7 e2 85.
Ra1 Kf2 86. Ra2 Kf1 87. Ra1+ e1=Q 88. Rxe1+ Kxe1 89. c6 a5 90. Kb7 Rxc6 91.
Kxc6 a4 92. Kc5 a3 93. Kc4 a2 94. Kd4 Ke2 95. Ke5 Ke3 96. Kd5 Kf4 97. Kd4 Kf5
98. Kd5 Kf6 99. Ke4 Ke6 100. Kd4 Kf5 101. Kd5 Kf6 102. Ke4 Ke6 103. Kd4 Kf5
104. Kd5 {Game drawn by repetition} 1/2-1/2

[Event "ICS Rated standard match"]
[Site "207.99.5.190"]
[Date "1999.03.11"]
[Round "?"]
[White "BiLLyboy"]
[Black "Hossa"]
[Result "0-1"]
[WhiteElo "1992"]
[BlackElo "2241"]
[PlyCount "56"]

1. e4 e5 2. Nf3 Nc6 3. Bb5 a6 4. Ba4 b5 5. Bb3 Bc5 6. O-O Nf6 7. c3 O-O 8. d4
exd4 9. cxd4 Be7 10. Re1 Bb7 11. d5 Na5 12. e5 Ne8 13. Bc2 Nc4 14. b3 Nb6 15.
Be4 f5 16. exf6 Nxf6 17. Bb2 Nxe4 18. Rxe4 Bxd5 19. Re3 Bc5 20. Bd4 Bxf3 21.
Rxf3 Rxf3 22. Bxc5 Rf5 23. Bd4 Qh4 24. Nc3 Rh5 25. h3 Rf8 26. Qd3 Nd5 27. Bc5
Nf4 28. Qe3 28... Qg5 {BiLLyboy resigns} 0-1

[Event "ICS Rated blitz match"]
[Site "207.99.5.190"]
[Date "1999.03.11"]
[Round "?"]
[White "rajah"]
[Black "Hossa"]
[Result "1-0"]
[WhiteElo "2474"]
[BlackElo "2409"]
[Annotator "Crafty v16.5"]
[PlyCount "137"]

{annotating for player Hossa using a scoring margin of +0.10 pawns. search
time limit is 10.00} 1. Nf3 1... Nc6 2. d4 d5 3. c4 e6 4. cxd5 exd5 5. Nc3 Bg4
6. Ne5 Nxe5 7. dxe5 d4 8. Nb5 Bc5 9. Qc2 Bb6 10. Qe4 Bc8 ({8:-0.27} 10... Bc8
11. e3 Ne7 12. Bc4 Nf5 13. exd4 Nxd4 14. Be3 Ba5+ 15. Nc3 Bxc3+ 16. bxc3 $10) (
{8:+0.08} 10... Bd7 11. Na3 Ba5+ 12. Bd2 Bxd2+ 13. Kxd2 Ne7 14. Nc2 O-O 15.
Nxd4 15... Bf5 $10) 11. e3 Ba5+ ({7:-0.47} 11... Ba5+ 12. Ke2 dxe3 13. Qa4 c6
14. Nd6+ Kf8 15. Nxc8 Rxc8 16. Bxe3 $14) ({7:-0.27} 11... Ne7 12. Nxd4 Ba5+ 13.
Ke2 O-O 14. Kf3 c5 15. Nb3 $10) 12. Ke2 dxe3 13. Qa4 c6 14. Nd6+ Kf8 15. Bxe3
Bb6 16. Rd1 Qc7 17. Bxb6 Qxb6 18. Qd4 c5 ({7:-0.78} 18... c5 19. Nxc8 cxd4 20.
Nxb6 axb6 21. Rxd4 21... Rxa2 $16) ({7:-0.08} 18... Be6 19. Qxb6 axb6 20. a3
Ra5 21. Kf3 Rxe5 22. Nxb7 $10) 19. Qd5 Qxb2+ 20. Rd2 Bg4+ ({9:-0.71} 20... Bg4+
21. f3 Be6 22. Qxc5 b6 23. Rxb2 bxc5 24. Kf2 Ne7 25. Bb5 $16) ({9:-0.43} 20...
Be6 21. Qxc5 b6 22. Rxb2 bxc5 23. Kf3 Rd8 24. Bb5 24... Ne7 $14) 21. f3 Be6 22.
Qxc5 b6 23. Rxb2 bxc5 24. a3 f6 25. Rc2 fxe5 26. Rxc5 Ke7 27. Ne4 Nf6 28. Rxe5
Nd5 29. g3 Kd7 30. Ke1 Bg8 31. Bb5+ Kc7 32. Kf2 Rd8 33. Rc1+ Kb6 34. Be8 a5 35.
Rc6+ Ka7 36. Rc5 Kb6 37. Rb5+ Kc7 38. Rxa5 Kb6 39. Rb5+ Kc7 40. Kg1 g6 41. a4
Rc8 42. Rc5+ Kd8 43. Rxc8+ Kxc8 44. a5 Kb7 45. Bb5 h5 46. a6+ Kb6 47. Nd6 Kc7
48. a7 Nb6 49. Ne8+ Kd8 50. Bc6 Bc4 51. Ra5 Bd3 52. Rd5+ Ke7 53. Rxd3 h4 54.
Nc7 hxg3 55. hxg3 Nc4 56. Rd7+ Kf6 57. Rd4 Nb6 58. Rb4 Ra8 59. Bxa8 Nc8 60. Ra4
Ke7 61. Nd5+ Kd6 62. Ra6+ Ke5 63. Ne7 Nxe7 64. Be4 Kd4 65. a8=Q Ke3 66. Qa7+
Kd2 67. Qd4+ Ke1 68. Ra1+ Ke2 69. Qd3# 1-0

[Event "ICS Rated blitz match"]
[Site "207.99.5.190"]
[Date "1999.03.11"]
[Round "?"]
[White "Hossa"]
[Black "Fallen-Star"]
[Result "1-0"]
[WhiteElo "2396"]
[BlackElo "2386"]
[PlyCount "40"]

1. e4 Nf6 2. e5 Nd5 3. Nc3 Nxc3 4. dxc3 d5 5. Bf4 c5 6. Qd2 Nc6 7. O-O-O Be6 8.
Kb1 Qa5 9. Nf3 d4 10. c4 Qa4 11. Ng5 Bf5 12. b3 Qa3 13. Qc1 Qa5 14. Bd2 Nb4 15.
a3 Bxc2+ 16. Qxc2 Nxc2 17. Bxa5 Nxa3+ 18. Kb2 h6 19. Ne4 b6 20. Bd2 20... f5 {
Fallen-Star resigns} 1-0

[Event "ICS Rated blitz match"]
[Site "207.99.5.190"]
[Date "1999.03.11"]
[Round "?"]
[White "Hossa"]
[Black "rajah"]
[Result "0-1"]
[WhiteElo "2399"]
[BlackElo "2500"]
[Annotator "Crafty v16.5"]
[PlyCount "43"]

{annotating for player Hossa using a scoring margin of +0.10 pawns. search
time limit is 10.00} 1. e4 1... e6 2. d4 d5 3. Nc3 Nf6 4. e5 Nfd7 5. Nf3 c5 6.
Bg5 Qb6 7. Na4 Qa5+ 8. c3 cxd4 9. Nxd4 a6 10. b4 ({8:-0.88} 10. b4 10... Qc7
11. f4 b5 12. Nc5 h6 13. Bh4 Nxc5 14. bxc5 14... Bxc5 $17) ({8:-0.53} 10. Bd3
10... Nxe5 11. Bc2 b5 12. Bf4 Nc4 13. Bxb8 Rxb8 14. Nc6 $15) 10... Qc7 11. f4 (
{7:-0.97} 11. f4 11... b5 12. Nxb5 axb5 13. Bxb5 Ba6 14. Qe2 Bxb5 15. Qxb5 $17)
({7:-0.86} 11. Qd2 11... b5 12. Nb2 Qxe5+ 13. Be2 f5 14. O-O-O 14... Bd6 $17)
11... b5 12. Nc5 Bxc5 13. bxc5 Nxc5 14. Rc1 ({8:-1.69} 14. Rc1 14... Ne4 15.
Bh4 Nd7 16. Be2 Bb7 17. O-O 17... Nxc3 $19) ({8:-1.47} 14. Bd3 14... h6 15. Bh4
g5 16. Bg3 Ne4 17. Rc1 gxf4 18. Bxf4 18... Nxc3 $17) 14... Ne4 15. Bh4 Nd7 16.
Qh5 ({8:-1.83} 16. Qh5 16... O-O 17. Bd3 Ndc5 18. Bxe4 Nxe4 19. Qf3 Qc4 20. Be7
$19) ({8:-1.40} 16. Bd3 16... Nxc3 17. Qd2 b4 18. Ne2 O-O 19. Nxc3 bxc3 20.
Rxc3 $17) 16... Nxc3 17. Ne2 ({8:-1.51} 17. Ne2 17... b4 18. Qf3 O-O 19. Nxc3
bxc3 20. Rxc3 Qa5 21. Be7 $19) ({8:+0.00} 17. Nxe6 17... Qa5 18. Nxg7+ Kf8 19.
Ne6+ fxe6 20. Qh6+ Kf7 21. Qh5+ Kg7 22. Qg5+ Kf7 23. Qh5+ $10) 17... b4 18. a3
({9:-2.70} 18. a3 18... Nc5 19. Nxc3 Nb3 20. Rc2 bxc3 21. Bd3 Nd4 22. Rc1 $19)
({9:-1.59} 18. Qf3 18... O-O 19. Nxc3 bxc3 20. Qxc3 Qxc3+ 21. Rxc3 f6 22. exf6
Nxf6 23. Bd3 Nh5 24. g3 $19) 18... Nc5 19. Qf3 ({8:-3.48} 19. Qf3 19... Na2 20.
Rc2 b3 21. Rxc5 Qxc5 22. Qxb3 Nc1 23. Nxc1 23... Qxc1+ $19) ({8:-2.91} 19. Nxc3
19... Nb3 20. Rc2 bxc3 21. Bf2 Na1 22. Rc1 22... Nb3 $19) 19... Na2 20. Rc2 b3
21. Rxc5 Qxc5 22. Qxb3 0-1

[Event "ICS Rated standard match"]
[Site "207.99.5.190"]
[Date "1999.03.11"]
[Round "?"]
[White "Hossa"]
[Black "Jambba"]
[Result "1-0"]
[WhiteElo "2247"]
[BlackElo "1958"]
[PlyCount "77"]

1. e4 c5 2. Bc4 e6 3. Nc3 a6 4. d3 Nc6 5. Nf3 Nge7 6. O-O d5 7. exd5 exd5 8.
Bb3 b5 9. Re1 c4 10. dxc4 dxc4 11. Qxd8+ Kxd8 12. Ng5 Be6 13. Rxe6 fxe6 14.
Nf7+ Ke8 15. Nxh8 cxb3 16. cxb3 g6 17. Ne4 Bg7 18. Nd6+ Kd7 19. Nhf7 Rf8 20. a4
b4 21. Bg5 Bxb2 22. Rd1 Nd5 23. Bh6 Rb8 24. Be3 Na5 25. Rb1 Bf6 26. Ne4 Nc3 27.
Nxf6+ Ke7 28. Rb2 Kxf6 29. Bf4 Rf8 30. Ng5 Rd8 31. h4 Rd1+ 32. Kh2 Rb1 33. Rxb1
Nxb1 34. Nxh7+ Ke7 35. Bh6 Nc6 36. Bg5+ Kd6 37. Nf8 Nd4 38. Nxg6 Kd5 39. h5 {
Jambba resigns} 1-0

[Event "ICS rated blitz match"]
[Site "207.99.5.190"]
[Date "1999.03.11"]
[Round "?"]
[White "Hossa"]
[Black "Herby"]
[Result "1-0"]
[WhiteElo "2393"]
[BlackElo "2098"]
[PlyCount "57"]

1. e4 c5 2. Bc4 g6 3. Nf3 Bg7 4. O-O e6 5. d4 cxd4 6. Nxd4 Ne7 7. Bg5 h6 8.
Bxe7 Qxe7 9. c3 a6 10. Nf3 Nc6 11. Qd3 b5 12. Bb3 O-O 13. Rd1 Na5 14. e5 Rd8
15. Qd2 Bb7 16. Ne1 Rac8 17. Qf4 Nc4 18. Bxc4 Rxc4 19. Qd2 Qc5 20. Nd3 Qc6 21.
f4 d5 22. Qf2 Bf8 23. b3 Bc5 24. Nxc5 Rxc5 25. Qh4 Kg7 26. Qf6+ Kh7 27. Qxf7+
Kh8 28. Qf6+ Kh7 29. Qe7+ {Herby resigns} 1-0

[Event "ICS rated blitz match"]
[Site "207.99.5.190"]
[Date "1999.03.11"]
[Round "?"]
[White "Hossa"]
[Black "slakt"]
[Result "1-0"]
[WhiteElo "2403"]
[BlackElo "2165"]
[PlyCount "47"]

1. e4 d5 2. exd5 Nf6 3. Bb5+ c6 4. dxc6 Nxc6 5. Bxc6+ bxc6 6. Ne2 e5 7. Nec3
Ba6 8. d3 Bd6 9. Qf3 Qd7 10. Bg5 O-O-O 11. Bxf6 gxf6 12. Qxf6 Rhg8 13. Rg1 Rg6
14. Qh4 f5 15. Qa4 Kb7 16. Nd2 e4 17. dxe4 Bxh2 18. Nb3 Qd6 19. Rh1 Bf4 20.
Rxh7+ Ka8 21. Qxa6 Bd2+ 22. Nxd2 Qxd2+ 23. Kf1 Qd4 24. Qb7# {slakt checkmated}
1-0

[Event "ICS Rated blitz match"]
[Site "207.99.5.190"]
[Date "1999.03.11"]
[Round "?"]
[White "nimraz"]
[Black "Hossa"]
[Result "0-1"]
[WhiteElo "2190"]
[BlackElo "2409"]
[PlyCount "72"]

1. d4 Nf6 2. Nc3 d5 3. Bg5 e6 4. e4 dxe4 5. Nxe4 Nbd7 6. Nxf6+ Nxf6 7. Bd3 Bb4+
8. c3 Be7 9. Qe2 O-O 10. Nf3 Bd7 11. O-O-O Rb8 12. Ne5 Bc6 13. h4 Bxg2 14. Rhg1
Bd5 15. Bh6 Ne8 16. c4 Bc6 17. Bxg7 Nxg7 18. Qh5 f5 19. Rxg7+ Kxg7 20. Rg1+ Kh8
21. Ng6+ Kg7 22. Nxe7+ Kf6 23. Nxc6 bxc6 24. Qh6+ Ke7 25. Rg7+ Rf7 26. Qg5+ Ke8
27. Rg8+ Rf8 28. Qh5+ Kd7 29. Rg7+ Kc8 30. c5 Rxb2 31. Qxh7 Rxa2 32. Bc4 Ra1+
33. Kc2 Qxd4 34. Rxc7+ Kb8 35. Bb3 Qxf2+ 36. Kd3 36... Qg3+ {nimraz resigns}
0-1

[Event "ICS rated blitz match"]
[Site "207.99.5.190"]
[Date "1999.03.11"]
[Round "?"]
[White "Hossa"]
[Black "nimraz"]
[Result "0-1"]
[WhiteElo "2416"]
[BlackElo "2183"]
[Annotator "Crafty v16.5"]
[PlyCount "66"]

{annotating for player Hossa using a scoring margin of +0.10 pawns. search
time limit is 10.00} 1. e4 1... c5 2. Bc4 Nc6 3. a3 Nf6 4. Nc3 g6 5. Nf3 Bg7 6.
O-O O-O 7. d3 d6 8. Bb5 ({8:-0.45} 8. Bb5 8... Bg4 9. Bxc6 bxc6 10. Rb1 e5 11.
b4 Qb6 12. bxc5 12... Qxc5 $15) ({8:-0.11} 8. d4 8... Nxe4 9. Nxe4 d5 10. Nxc5
dxc4 11. Be3 11... Qd5 $10) 8... Nd4 9. Nxd4 cxd4 10. Ne2 Nd7 11. Bg5 ({9:-0.22
} 11. Bg5 11... Nb6 12. Qd2 a6 13. Bc4 Qc7 14. c3 Nxc4 15. dxc4 15... f6 $10) (
{9:-0.01} 11. c3 11... dxc3 12. Nxc3 Nb6 13. Bg5 a6 14. Ba4 Be6 15. Rc1 Nxa4
16. Nxa4 $10) 11... Nc5 12. Qd2 Qb6 13. a4 ({8:-0.14} 13. a4 13... f6 14. Bh4
a6 15. Bc4+ Be6 16. Bxe6+ Nxe6 17. c3 Rac8 18. cxd4 18... Nxd4 $10) ({8:+0.02} 
13. Bc4 13... Re8 14. b4 Na4 15. Bh6 Bxh6 16. Qxh6 Bg4 17. Nf4 $10) 13... a6
14. Bxe7 ({9:-0.55} 14. Bxe7 14... axb5 15. Bxf8 Kxf8 16. axb5 Rxa1 17. Rxa1
Qxb5 18. b4 18... Ne6 $15) ({9:+0.02} 14. Bc4 14... e5 15. b4 Ne6 16. Bh4 Bd7
17. c3 Rac8 18. Be7 $10) 14... axb5 15. a5 Qc7 16. Bxf8 Kxf8 17. Nf4 Qd8 18.
Qb4 ({9:-0.60} 18. Qb4 18... Qg5 19. Ne2 Bh3 20. Ng3 Bd7 21. f4 Qe7 22. f5 $15)
({9:-0.38} 18. Nd5 18... Be6 19. Nb6 Rb8 20. f4 Bg4 21. b4 Ne6 22. Nd5 $15)
18... Bd7 19. Nd5 Bc6 20. Nb6 Rb8 21. f4 Kg8 22. e5 ({8:-0.68} 22. e5 22... Qe7
23. Qxd4 dxe5 24. Qb4 Qd6 25. Rae1 Qd4+ 26. Qxd4 26... exd4 $15) ({8:-0.47} 22.
f5 22... Qe7 23. Rf3 Rd8 24. fxg6 hxg6 25. Raf1 Qe6 26. Qd2 $15) 22... Ne6 23.
f5 ({9:-1.15} 23. f5 23... Qg5 24. Rf2 Nf4 25. Qxd6 Rd8 26. h4 Nh3+ 27. Kf1
27... Qxh4 $17) ({9:-0.17} 23. Qxd6 23... Qxd6 24. exd6 Bh6 25. Rae1 Nxf4 26.
Re7 Bxg2 27. Rxf4 Bxf4 28. Kxg2 28... Bxd6 $10) 23... Qg5 24. g3 ({8:-3.91} 24.
g3 24... Qe3+ 25. Rf2 Ng5 26. Kf1 Nh3 27. Qd2 Nxf2 28. Qxf2 Bxe5 29. fxg6 29...
hxg6 $19) ({8:-1.36} 24. Rf2 24... Nf4 25. Qxd6 Rd8 26. h4 Nh3+ 27. Kh2 Qxh4
28. g3 $17) 24... Bxe5 25. fxe6 ({7:-4.75} 25. fxe6 25... Bxg3 26. exf7+ Kg7
27. Rf3 Bxf3 28. Kf1 Bxh2 29. Nd7 $19) ({7:+0.81} 25. fxg6 $16) 25... Bxg3 26.
exf7+ Kg7 27. Rf3 Bxf3 28. Kf1 Be5 29. Qd2 Qxd2 30. f8=Q+ Rxf8 31. h4 Bg4+ 32.
Kg1 Bh3 33. a6 Qh2# 0-1

[Event "ICS rated blitz match"]
[Site "207.99.5.190"]
[Date "1999.03.11"]
[Round "?"]
[White "DrZabel"]
[Black "Hossa"]
[Result "0-1"]
[WhiteElo "2224"]
[BlackElo "2391"]
[PlyCount "116"]

1. c4 e5 2. Nc3 Nf6 3. Nf3 Nc6 4. e3 Bb4 5. Nd5 Ba5 6. a3 e4 7. Nd4 Nxd5 8.
cxd5 Nxd4 9. exd4 Qf6 10. Qa4 Bb6 11. Be2 O-O 12. O-O Bxd4 13. d3 Bxb2 14. Bxb2
Qxb2 15. Qxe4 f5 16. Qe3 f4 17. Qe4 d6 18. Rab1 Qxa3 19. Qe7 Qa2 20. Bf3 Qa4
21. Rfe1 Qd4 22. Qxc7 Qf6 23. Re7 b6 24. Rbe1 Bf5 25. d4 Rfc8 26. Qb7 Qxd4 27.
Rc7 Rd8 28. h3 Kh8 29. Ree7 Qa1+ 30. Kh2 Rdb8 31. Qc6 Bg6 32. Qxd6 Re8 33. Qxf4
Rxe7 34. Rxe7 h6 35. d6 Rg8 36. d7 Qf6 37. Qxf6 gxf6 38. Bc6 h5 39. Re8 Rxe8
40. dxe8=Q+ Bxe8 41. Bxe8 h4 42. Kg1 Kg7 43. Kf1 Kf8 44. Bb5 Ke7 45. Ke2 Kd6
46. Ke3 Kc5 47. Bd3 a5 48. Kf4 Kd4 49. Bb5 Kc5 50. Be8 b5 51. Kg4 b4 52. Ba4
Kc4 53. Kxh4 b3 54. Kg3 b2 55. Bc2 Kc3 56. Bf5 a4 57. h4 a3 58. h5 58... a2 {
DrZabel resigns} 0-1

[Event "ICS rated blitz match"]
[Site "207.99.5.190"]
[Date "1999.03.11"]
[Round "?"]
[White "Hossa"]
[Black "DrZabel"]
[Result "1-0"]
[WhiteElo "2400"]
[BlackElo "2215"]
[PlyCount "63"]

1. e4 d6 2. Bb5+ c6 3. Be2 g6 4. Nf3 Bg7 5. O-O Nf6 6. Nc3 O-O 7. d4 b5 8. e5
Ne8 9. Bg5 h6 10. Be3 Nd7 11. Qd2 Kh7 12. exd6 Nxd6 13. a4 b4 14. Na2 a5 15.
Rae1 Nb6 16. Ne5 Bxe5 17. dxe5 Ndc4 18. Bxc4 Nxc4 19. Qc1 Nxe3 20. Qxe3 Be6 21.
Rd1 Qb8 22. b3 Rd8 23. Rxd8 Qxd8 24. Qf4 Qd5 25. Qh4 Ra7 26. Qg3 Rd7 27. Qe3
Qd2 28. Qc5 Bd5 29. f3 e6 30. Nc1 Qc3 31. Qxc3 bxc3 32. Ne2 {DrZabel resigns}
1-0

[Event "ICS Rated blitz match"]
[Site "207.99.5.190"]
[Date "1999.03.11"]
[Round "?"]
[White "Tim"]
[Black "Hossa"]
[Result "1/2-1/2"]
[WhiteElo "2524"]
[BlackElo "2408"]
[PlyCount "100"]

1. d4 Nf6 2. Nc3 d5 3. e4 Nxe4 4. Nxe4 dxe4 5. Bc4 Nc6 6. c3 e5 7. d5 Ne7 8. f3
exf3 9. Nxf3 Qd6 10. Be3 Nf5 11. Qe2 Nxe3 12. Qxe3 f6 13. O-O-O Be7 14. h3 O-O
15. g4 Kh8 16. Qe4 f5 17. gxf5 Bxf5 18. Qe3 Qc5 19. Qxc5 Bxc5 20. Rhe1 e4 21.
Ng5 Bd6 22. Nxe4 Bf4+ 23. Kc2 Bxh3 24. Nc5 Bf5+ 25. Kb3 Rf6 26. Ne6 Bd6 27. Nd4
Kg8 28. Nxf5 Rxf5 29. Rf1 Rxf1 30. Rxf1 g6 31. Kc2 Kg7 32. Kd3 Rf8 33. Rxf8
Bxf8 34. Ke4 Kh6 35. Be2 Kg5 36. c4 a5 37. b3 Bd6 38. Kf3 Bc5 39. Kg3 Bd4 40.
Bd3 Bf6 41. Be4 b6 42. Bd3 Bd4 43. Bc2 Be3 44. Bd1 Bc5 45. Bc2 Bd6+ 46. Kf3 Be5
47. Bd3 Bd4 48. Be4 Be5 49. Bd3 Bd4 50. Be4 50... Be5 {
Game drawn by mutual agreement} 1/2-1/2

[Event "ICS rated blitz match"]
[Site "207.99.5.190"]
[Date "1999.03.11"]
[Round "?"]
[White "Hossa"]
[Black "Rufsetufs"]
[Result "0-1"]
[WhiteElo "2413"]
[BlackElo "2159"]
[Annotator "Crafty v16.5"]
[PlyCount "104"]

{annotating for player Hossa using a scoring margin of +0.10 pawns. search
time limit is 10.00} 1. e4 1... c5 2. Bc4 Nc6 3. f4 e6 4. Nc3 a6 5. Nf3 b5 6.
Be2 d5 7. exd5 exd5 8. O-O Nf6 9. Re1 ({8:+0.19} 9. Re1 9... Be7 10. Ne5 Nd4
11. d3 O-O 12. Be3 Nxe2+ 13. Qxe2 13... Bf5 $10) ({8:+0.55} 9. Ne5 9... Nd4 10.
Bh5 Nxh5 11. Qxh5 Be6 12. Re1 Be7 13. Qd1 $14) 9... Be7 10. Ne5 Bb7 11. Nxc6
Bxc6 12. d4 O-O 13. Be3 b4 14. Nb1 c4 15. b3 ({8:-0.46} 15. b3 15... c3 16. a3
Qa5 17. Bf3 Bb5 18. a4 18... Rae8 $15) ({8:-0.29} 15. a3 15... Ne4 16. axb4
Bxb4 17. c3 Bd6 18. Nd2 f5 19. Qc2 $10) 15... c3 16. Bf3 ({9:-0.70} 16. Bf3
16... Ne4 17. a3 Qa5 18. a4 f5 19. Qd3 Bb5 20. Qd1 $15) ({9:-0.59} 16. Bd3
16... Ne4 17. Qe2 a5 18. a3 Bh4 19. g3 Bf6 20. Bxe4 dxe4 21. axb4 axb4 22. Rxa8
22... Qxa8 $15) 16... Ne4 17. a3 a5 18. axb4 axb4 19. Rxa8 Qxa8 20. Bxe4 ({
9:-1.00} 20. Bxe4 20... dxe4 21. Qe2 f5 22. Qc4+ Bd5 23. Qc7 Bh4 24. Rd1 Qa2
25. Qe5 $17) ({9:-0.77} 20. f5 20... Qb7 21. Bxe4 dxe4 22. Qg4 Qd7 23. Qf4 Bf6
24. Rd1 24... Qd5 $17) 20... dxe4 21. Qh5 g6 22. Qh6 ({10:-1.46} 22. Qh6 22...
Rd8 23. f5 gxf5 24. Qf4 Bf6 25. Qg3+ Kf8 26. Rd1 Bd5 27. Qf4 $17) ({10:-0.81} 
22. Qe5 22... Re8 23. Rc1 Qd8 24. Rd1 Bf8 25. Qg5 f5 26. Qxd8 Rxd8 27. Kf2 $17)
22... f5 23. Qh3 Bd5 24. Qh6 ({9:-1.29} 24. Qh6 24... Bxb3 25. cxb3 Qa1 26. Rc1
c2 27. Rxc2 Qxb1+ 28. Rc1 Qxb3 29. Kf2 $17) ({9:-1.10} 24. Bf2 24... Qc6 25.
Bh4 Bxh4 26. Qxh4 Ra8 27. Qe7 Ra2 28. Re2 28... Qb5 $17) 24... Bf6 25. Bf2 ({
10:-3.90} 25. Bf2 25... Qa2 26. Rc1 Qb2 27. Re1 Qxc2 28. Be3 Qxb3 29. Kf2 29...
Rc8 $19) ({10:-2.25} 25. Qh3 25... Qa2 26. Rc1 Qb2 27. Qg3 Bxd4 28. Qe1 Bg7 29.
Rd1 29... Rd8 $19) 25... Qa2 26. Nxc3 bxc3 27. b4 Qxc2 28. Be3 Qb2 29. Kh1 c2
30. Bc1 Qxb4 31. Re3 Bxd4 32. Qh3 Bxe3 33. Qxe3 Rb8 34. Qg1 Qb1 35. Bd2 Qxg1+
36. Kxg1 Rb1+ 37. Kf2 Rd1 38. Be3 c1=Q 39. Bxc1 Rxc1 40. Ke3 Rc2 41. g3 Rxh2
42. Kd4 Ba8 43. Ke3 Rg2 44. Kd4 Rxg3 45. Ke5 Re3 46. Kf6 Rf3 47. Ke5 e3 48. Kd6
e2 49. Kc7 e1=Q 50. Kb8 Rc3 51. Kxa8 Qb1 52. Ka7 Ra3# 0-1

[Event "ICS rated bullet match"]
[Site "207.99.5.190"]
[Date "1999.03.11"]
[Round "?"]
[White "sienna"]
[Black "Hossa"]
[Result "1-0"]
[WhiteElo "2774"]
[BlackElo "2374"]
[Annotator "Crafty v16.5"]
[PlyCount "95"]

{annotating for player Hossa using a scoring margin of +0.10 pawns. search
time limit is 10.00} 1. d4 1... Nf6 2. c4 g6 3. Nc3 Bg7 4. e4 d6 5. Be2 O-O 6.
Nf3 Bg4 7. Be3 Nc6 8. d5 Bxf3 9. Bxf3 Ne5 10. Be2 e6 11. O-O exd5 12. cxd5 Re8
13. f4 Ned7 14. Bf3 Nxe4 15. Nxe4 f5 16. Ng5 Rxe3 17. Ne6 Qh4 ({9:-2.81} 17...
Qh4 18. Nxg7 Qxf4 19. Ne6 Qb4 20. Qc2 Ne5 21. Qxc7 Nxf3+ 22. gxf3 22... Re8 $18
) ({9:-0.72} 17... Qe7 18. Qd2 c5 19. Kf2 Rxe6 20. dxe6 Nf8 21. Qd5 Bd4+ 22.
Kg3 Nxe6 23. Qxb7 $16) 18. Nxg7 Qxf4 19. Ne6 Qe5 ({8:-3.19} 19... Qe5 20. Nxc7
Rc8 21. Nb5 Rc5 22. Nc3 Rexc3 23. bxc3 23... Rxc3 $18) ({8:-2.63} 19... Qb4 20.
Rf2 Rc8 21. Qc1 Qb6 22. Qd2 Ne5 23. Be2 $18) 20. Nxc7 Rc8 21. Nb5 Qf4 ({8:-4.10
} 21... Qf4 22. Nxa7 Rc5 23. b4 Qxb4 24. Rb1 Qf4 25. Rxb7 $18) ({8:-3.05} 21...
Rc5 22. Nc3 Nb6 23. Rb1 Rxf3 24. Qxf3 Qd4+ 25. Qf2 Qxf2+ 26. Kxf2 Nxd5 27. Nxd5
27... Rxd5 $18) 22. Qd2 Rce8 23. Rae1 g5 ({8:-4.81} 23... g5 24. Rxe3 Qxe3+ 25.
Qxe3 Rxe3 26. Nxd6 Re5 27. g3 g4 28. Bg2 $18) ({8:-4.44} 23... Nf6 24. Nxd6
Rxf3 25. Qxf4 Rxf4 26. Rxe8+ Nxe8 27. Nxe8 Ra4 28. a3 28... Rd4 $18) 24. Rxe3
Rxe3 25. Bg4 Rf3 ({10:-5.85} 25... Rf3 26. Qxf4 Rxf4 27. Bxf5 Nb6 28. Rxf4 gxf4
29. Be6+ Kg7 30. Nxd6 Na4 31. b4 31... Kg6 $18) ({10:-5.45} 25... fxg4 26. Rxf4
gxf4 27. Nxd6 Nc5 28. Qc1 b6 29. b4 Nd3 30. Qc8+ Kg7 31. Qxg4+ $18) 26. Qxf4
Rxf4 27. Bxf5 Rxf1+ 28. Kxf1 Nb6 29. Be6+ Kg7 30. Nxd6 Na4 31. Nxb7 Kf6 32. Bg4
h5 33. d6 Nc5 34. Nxc5 hxg4 35. Kf2 Kf7 36. Kg3 a5 37. Kxg4 Kf6 38. d7 Ke7 39.
Kxg5 Kd8 40. h4 a4 41. h5 a3 42. h6 axb2 43. h7 Kc7 44. h8=Q b1=Q 45. d8=Q+ Kc6
46. Qd7+ Kb6 47. Qf6+ Kxc5 48. Qfd4# 1-0

[Event "ICS rated standard match"]
[Site "207.99.5.190"]
[Date "1999.03.11"]
[Round "?"]
[White "Budapest"]
[Black "Hossa"]
[Result "0-1"]
[WhiteElo "1985"]
[BlackElo "2249"]
[PlyCount "53"]

1. e4 e5 2. Nf3 Nc6 3. Bc4 Bc5 4. c3 Qe7 5. O-O Bb6 6. d4 Nf6 7. Re1 O-O 8. Bg5
d6 9. h3 Bd7 10. b4 exd4 11. b5 Ne5 12. Bf1 dxc3 13. Nxc3 c6 14. a4 Rac8 15.
bxc6 bxc6 16. a5 Bc5 17. Nd4 Rb8 18. f4 Rb4 19. Nce2 Nc4 20. Kh1 Ne3 21. Qd3
Qxe4 22. Ra3 Neg4 23. hxg4 Rxd4 24. Nxd4 Qxe1 25. Nf3 Qb4 26. Rb3 Nxg4 27. Bh4
{Budapest resigns} 0-1